Effectif 2025-2026 EA Guingamp - Statistiques

Statistiques générales
  • Ce quiz a été pris 30 fois
    26 depuis la dernière actualisation
  • Le résultat moyen est 18 sur 29
Statistiques - réponses
Poste Joueur % Correct
Gardien 16 Adrián Ortolá
94%
Défenseur 7 Donatien Gomis
94%
Attaquant 9 Louis Mafouta
88%
Défenseur 18 Sohaib Nair
88%
Entraineur / Sylvain Ripoll
88%
Milieu 8 Kalidou Sidibé
81%
Gardien 1 Teddy Bartouche-Selbonne
81%
Défenseur 29 Akim Abdallah
75%
Défenseur 22 Alpha Sissoko
75%
Attaquant 11 Amadou Sagna
75%
Milieu 10 Amine Hemia
75%
Milieu 4 Dylan Louiserre
75%
Attaquant 24 Gautier Ott
75%
Défenseur 36 Albin Démouchy
69%
Défenseur 2 Erwin Koffi
69%
Gardien 40 Noah Marec
69%
Milieu 6 Darly N'landu
63%
Attaquant 27 Stanislas Kielt
63%
Défenseur 23 Dylan Ourega
56%
Milieu 21 Yohan Demoncy
56%
Attaquant 20 Jérémy Hatchi
50%
Défenseur 33 Eden Gassama
44%
Attaquant 17 Freddy Mbemba
44%
Milieu 39 Tanguy Ahile
44%
Défenseur 38 Idriss Planeix
38%
Défenseur 3 Jeremie Matumona
31%
Attaquant 19 Amadou Samoura
13%
Attaquant 24 Youssef Njoya
13%
Gardien 50 Gaspard Franck Ambassa Messobo
0%
Aucun quiz correspondant
Distribution des résultats
% des personnes avec chaque résultat
Percentile par nombre de réponses
Votre historique - résultats
Vous n’avez pas pris ce quiz depuis la dernière actualisation